00916nam a2200265 a 4500001000400000003001000004005001700014008004100031020001800072040002500090080001900115090002000134100001800154245010300172260004200275300002000317504002500337650005300362650003600415650002300451650002700474942001200501952012400513999001300637626BR-CuiBMT20231110224947.0230818s2009 rsb 000 0 por d a9788560520459 aBR-CuiBMTcBR-CuiBMT a34:336.222007 a34:336.2bA663t1 aAraujo, Nadja10aTransação tributária :bpossibilidades de consenso na obrigação imposta /cNadja Araujo. aPorto Alegre:bNúria Fabris,c2009. a208 p. ;c23 cm aInclui bibliografia. aTransação tributáriaxDireito tributário aDireito tributárioxLitígio aDireito financeiro aDireito administrativo 2udccLV 00102udc4070aBIBTCEMTbBIBTCEMTd2023-11-10l0o34:336.2 A663tpBIBTCEMT23110448r2023-11-10tEx. 1w2023-11-10yLV c626d626